[Event "Cairo Al Ain op"]
[Site "Cairo"]
[Date "2023.11.29"]
[Round "4"]
[White "Fathy, Mahmoud"]
[Black "Shereif Fouad, Mina"]
[Result "0-1"]
[WhiteElo "1843"]
[BlackElo "1306"]
[PlyCount "76"]
[EventDate "2023.11.27"]
[EventType "swiss"]
[EventRounds "10"]
[EventCountry "EGY"]
[SourceTitle "CBM 217 Extra"]
[Source "ChessBase"]
[SourceDate "2024.01.31"]
[SourceVersion "1"]
[SourceVersionDate "2024.01.31"]
[SourceQuality "1"]

1. d4 Nf6 2. c4 e6 3. Nc3 d5 4. e3 Bb4 5. Nf3 0-0 6. a3 Bxc3+ 7. bxc3 b6 8. Bd3 dxc4 9. Bxc4 Bb7 10. 0-0 Nbd7 11. Qe2 Ne4 12. Bb2 c5 13. Rad1 Qe7 14. Nd2 Nxd2 15. Rxd2 Nf6 16. f3 Rac8 17. a4 cxd4 18. exd4 Nd5 19. g3 Qc7 20. Bxd5 Bxd5 21. Qd1 Qd7 22. h3 Rc4 23. a5 bxa5 24. f4 Rb8 25. Qh5 Rb5 26. f5 exf5 27. Qxf5 Be6 28. Qd3 Rc8 29. Rf4 Bc4 30. Qf3 a4 31. Kh2 Rcb8 32. Ba3 Bd5 33. Qd3 Rb3 34. Bc5 a3 35. Rf1 a2 36. Ra1 Rb1 37. Rd1 R8b2+ 38. Kg1 Qxh3 0-1